| 000 | 00610nam a2200169 a 4500 | ||
|---|---|---|---|
| 008 | 210303s2017 ||||||||||||||||| || u | ||
| 020 | _a9785865478645 | ||
| 050 | _aPG 2900 Esm | ||
| 100 | _aEsmantova, T.L | ||
| 245 | 1 | 0 |
_aRussian language: 5 elements, diagnostic tests (5th edition) _cT.L Esmantova |
| 250 | _a5th edition | ||
| 260 |
_aSt. Petersburg _c2017 |
||
| 300 | _avarious pages | ||
| 500 | _aIncludes CD | ||
| 650 | _aRUSSIAN LITERATURE | ||
| 995 |
_FCBU-MAIN LIBRARY (Kitwe) _M1 _UAVAILABLE _WMar 3, 2021 _ZMain Library Open Access Collection |
||
| 999 |
_c56863 _d56863 |
||